Deník pařížského měšťana
| Titel: | Deník pařížského měšťana / překlad Helena Beguivinová ; úvodní studie Jaroslav Svátek |
|---|---|
| Beteiligt: | ; |
| Ausgabe: | Vydání první |
| Veröffentlicht: | Praha : Argo, 2024 |
| Umfang: | 389 Seiten : Faksimiles, Karten, genealogische Tafeln ; 21 cm |
| Format: | Buch |
| Sprache: | Tschechisch |
| Schriftenreihe/ mehrbändiges Werk: |
Memoria medii aevi ; svazek 36 |
| ISBN: | 9788025744482 ; 8025744485 |
| Hinweise zum Inhalt: |
Inhaltsverzeichnis
Cover Abstract |
alg: 52545848 001A $03004:21-01-25 001B $01999:04-12-25 $t22:17:43.000 001D $03004:21-01-25 001U $0utf8 001X $00 002@ $0Aau 002C $aText $btxt $2rdacontent 002D $aohne Hilfsmittel zu benutzen $bn $2rdamedia 002E $aBand $bnc $2rdacarrier 003@ $0525458484 004A $A978-80-257-4448-2 $f((vázáno)) 004A $080-257-4448-5 006C $01483791263 $aOCoLC 007A $0525458484 $aHEB 007G $0DE0204B0900B703D717AAC1258C290035A87D 009P $qapplication/pdf $A2 $3Inhaltsverzeichnis $uhttp://scans.hebis.de/HEBCGI/show.pl?52545848_toc.pdf $mV:DE-603;B:DE-Mb50 009P $qapplication/pdf $A2 $3Cover $uhttp://scans.hebis.de/HEBCGI/show.pl?52545848_cov.pdf $mV:DE-603;B:DE-Mb50 009P $qapplication/pdf $A2 $3Abstract $uhttp://scans.hebis.de/HEBCGI/show.pl?52545848_sum.pdf $mV:DE-603;B:DE-Mb50 010@ $acze $cfre 010E $erda 011@ $a2024 $n2024 013D $RAutobiografische Literatur $RQuelle $RAutobiografie $RErlebnisbericht $RReisebericht $#Diaries $#Journaux intimes $#Diarios íntimos $#Tagebuch $#Tagebücher $#Tagebuchaufzeichnungen $#Journal intime $#Diary $74058900-6 $8Tagebuch [Ts1] $9085163724 021A $aDeník pařížského měšťana $hpřeklad Helena Beguivinová ; úvodní studie Jaroslav Svátek 022A $aJournal d'un bourgeois de Paris 028C $BÜbersetzer $4trl $8Beguivinová, Helena$Z1951- [Tp3] $9469412127 028C $BVerfasser eines Geleitwortes $4aui $71082054771 $8Svátek, Jaroslav$Z1982- [Tp3] $9369482689 032@ $aVydání první 033A $pPraha $nArgo 034D $a389 Seiten 034I $a21 cm 034M $aFaksimiles, Karten, genealogische Tafeln 036E $aMemoria medii aevi $lsvazek 36 037A $aLiteraturverzeichnis: Seite 319-321, Register 044A $adeníky $2czenas $S#7 $N655 044A $adiaries $2czenas $S#7 $N655 044K $#Paris $#Lutetia $#Lutecia $#Lutetia Parisiorum $#Parisia $#Pa-li $#Ville de Paris $#P'ariz $#Paryžius $#Paříž $#Bārīs $#Bali Paris $#Pariž $#Parigi $#Parijs $#Lutitia $#Parisius $#Lutèce $#Commune de Paris $#Parisii $#Parrhisius $#Loticia Parisiorum $#Ville de Paris $#Lutetia $74044660-8 $8Paris [Tg1] $9085125393 044K $#City dwellers $#Citadins $#Stadtbevölkerung $#Stadtbevölkerung $#Stadtbevölkerung $#Stadt Bevölkerung $#Stadtbewohner $#Städter $74138964-5 $8Stadtbevölkerung [Ts1] $9085527114 044K $RPrivatleben $RLebenswelt $RAlltagskultur $#Vie pratique $#Alltagsphänomen $#Alltagsleben $#Alltagswelt $#Lebensweise Alltag $#Tägliches Leben $74001307-8 $8Alltag [Ts1] $9084994274 045F $a306.094409024 $eDDC23BSB 045F/01 $a306.09 045F/03 $f09024 045F/03 $g44 045R $aGeschichte 1405-1449 046L $aAus dem Französischen übersetzt lok: 52545848 24 exp: 52545848 24 1 #EPN 201B/01 $021-01-25 $t16:20:45.000 201C/01 $004-10-24 201U/01 $0utf8 203@/01 $0127583471X 208@/01 $a21-01-25 $bz 209A/01 $a24.06494 $du $f050 $h24 06494 $x00 209C/01 $a24.06494 K $h24 06494 K 209G/01 $a74792901 $x00 220C/01 $akon 247C/01 $8358050-7Marburg, Bibliothek des Herder-Instituts Marburg $9102600961
| LEADER | 00000cam a2200000 c 4500 | ||
|---|---|---|---|
| 001 | 525458484 | ||
| 003 | DE-603 | ||
| 005 | 20251204221743.0 | ||
| 007 | tu | ||
| 008 | 250121s2024 xx |||| | u00||u|cze c | ||
| 020 | |a 9788025744482 |c ((vázáno)) | ||
| 020 | |a 8025744485 | ||
| 035 | |a (DE-599)HEB525458484 | ||
| 040 | |a DE-603 |b ger |c DE-603 |d DE-603 |e rda | ||
| 041 | |a cze |h fre | ||
| 082 | 0 | 4 | |8 1\u |a 306.094409024 |q DE-101 |2 23/BSB |
| 085 | |8 1\u |b 306.09 | ||
| 085 | |8 1\u |z 1 |s 09024 | ||
| 085 | |8 1\u |z 2 |s 44 | ||
| 130 | 0 | |a Journal d'un bourgeois de Paris | |
| 245 | 0 | 0 | |a Deník pařížského měšťana |c překlad Helena Beguivinová ; úvodní studie Jaroslav Svátek |
| 250 | |a Vydání první | ||
| 264 | 1 | |a Praha |b Argo |c 2024 | |
| 300 | |a 389 Seiten |b Faksimiles, Karten, genealogische Tafeln |c 21 cm | ||
| 336 | |a Text |b txt |2 rdacontent | ||
| 337 | |a ohne Hilfsmittel zu benutzen |b n |2 rdamedia | ||
| 338 | |a Band |b nc |2 rdacarrier | ||
| 490 | 0 | |a Memoria medii aevi |v svazek 36 | |
| 500 | |a Literaturverzeichnis: Seite 319-321, Register | ||
| 546 | |a Aus dem Französischen übersetzt | ||
| 648 | 7 | |a Geschichte 1405-1449 |2 gnd | |
| 650 | 7 | |a Stadtbevölkerung |0 (DE-588)4138964-5 |0 (DE-603)085527114 |2 gnd | |
| 650 | 7 | |a Alltag |0 (DE-588)4001307-8 |0 (DE-603)084994274 |2 gnd | |
| 651 | 7 | |a Paris |0 (DE-588)4044660-8 |0 (DE-603)085125393 |2 gnd | |
| 655 | 7 | |a Tagebuch |2 gnd-content |0 (DE-588)4058900-6 |0 (DE-603)085163724 | |
| 700 | 1 | |a Beguivinová, Helena |d 1951- |e Übersetzer |4 trl |0 (DE-603)469412127 |0 (DE-588)1217741062 |2 gnd | |
| 700 | 1 | |a Svátek, Jaroslav |d 1982- |e Verfasser eines Geleitwortes |4 aui |0 (DE-603)369482689 |0 (DE-588)1082054771 |2 gnd | |
| 856 | 4 | 2 | |m V:DE-603;B:DE-Mb50 |q application/pdf |u http://scans.hebis.de/HEBCGI/show.pl?52545848_toc.pdf |3 Inhaltsverzeichnis |
| 856 | 4 | 2 | |m V:DE-603;B:DE-Mb50 |q application/pdf |u http://scans.hebis.de/HEBCGI/show.pl?52545848_cov.pdf |3 Cover |
| 856 | 4 | 2 | |m V:DE-603;B:DE-Mb50 |q application/pdf |u http://scans.hebis.de/HEBCGI/show.pl?52545848_sum.pdf |3 Abstract |
| 924 | 0 | |9 Mb 50 |a (DE-603)127583471X |b DE-Mb50 |c HES |d c |g 24.06494 | |


